Effectif des Girondins de Bordeaux en 2021 - Statistiques

Statistiques générales
  • Ce quiz a été pris 286 fois
    275 depuis la dernière actualisation
  • Le résultat moyen est 11 sur 28
Statistiques - réponses
Poste Joueur % Correct
G Benoît Costil
97%
G Gaëtan Poussin
92%
D Laurent Koscielny
64%
M Yacine Adli
55%
A Ui-Jo Hwang
51%
A Rémi Oudin
48%
M Otavio Santos
47%
D Youssouf Sabaly
44%
D Enock Kwateng
42%
A Nicolas De Préville
42%
D Paul Baysse
42%
D Edson Mexer
41%
D Loris Benito
41%
A Sékou Mara
41%
Jean-Louis Gasset
38%
M Toma Basic
38%
D Maxime Poundje
36%
A Samuel Kalu
36%
A Dilane Bakwa
28%
M Hatem Ben Arfa
28%
M Tom Lacoux
28%
A Amadou Traore
23%
M Mehdi Zerkane
22%
D Vukasin Jovanovic
18%
M Jean Michael Seri
10%
A Jimmy Briant
10%
G Darren Lima Semedo
7%
D Loïc Bessile
4%
Aucun quiz correspondant
Distribution des résultats
% des personnes avec chaque résultat
Percentile par nombre de réponses
Votre historique - résultats
Vous n’avez pas pris ce quiz depuis la dernière actualisation